000
00236nam a2200097Ia 4500
008
230508s1994 xx 000 0 und d
041
_a
eng
100
_a
SMITH N.E.
245
_a
WRITE YOUR OWN PROGRAMMING LANG.USING C++
260
_c
1994
999
_c
322914
_d
322914